[Event "BUL-ch U20"]
[Site "Sofia"]
[Date "2015.02.22"]
[Round "5"]
[White "Yordanov, Georgi"]
[Black "Dyulgerov, Dimitar"]
[Result "0-1"]
[WhiteElo "1750"]
[BlackElo "2000"]
[PlyCount "21"]
[EventDate "2015.02.19"]
[EventType "tourn"]
[EventRounds "9"]
[EventCountry "BUL"]
[SourceTitle "CBM 165 Extra"]
[Source "ChessBase"]
[SourceDate "2015.04.21"]
[SourceVersion "1"]
[SourceVersionDate "2015.04.21"]
[SourceQuality "1"]

1. d4 c5 2. e3 Nf6 3. Nf3 e6 4. b3 cxd4 5. Nxd4 a6 6. Bb2 b5 7. Be2 Bb7 8. Bf3 d5 9. 0-0 Qb6 10. Nd2 Be7 11. Rb1 0-1